[Event "NCA-chT 1st Stage"]
[Site "Managua"]
[Date "2021.09.26"]
[Round "3.3"]
[White "Pomares, Roberto Carlos"]
[Black "Gutierrez Hernandez, Marlon Antonio"]
[Result "1-0"]
[WhiteElo "1403"]
[BlackElo "1589"]
[PlyCount "115"]
[EventDate "2021.09.25"]
[EventType "team-swiss"]
[EventRounds "9"]
[EventCountry "NCA"]
[SourceTitle "EXT 2023"]
[Source "ChessBase"]
[SourceDate "2022.10.05"]
[SourceVersion "1"]
[SourceVersionDate "2022.10.05"]
[SourceQuality "1"]
[WhiteTeam "Centro America"]
[BlackTeam "Petrosian CC"]
[WhiteTeamCountry "NCA"]
[BlackTeamCountry "NCA"]

1. e4 c5 2. Nf3 d6 3. d4 cxd4 4. Nxd4 Nf6 5. Nc3 g6 6. h3 Bg7 7. Be2 0-0 8. Be3 Nc6 9. Qd2 a6 10. Nf3 b5 11. a3 Bb7 12. Bh6 b4 13. axb4 Nxb4 14. Bxg7 Kxg7 15. 0-0 Rc8 16. Bd3 Nxd3 17. cxd3 Qd7 18. Qe3 Rc5 19. d4 Rh5 20. Nd2 h6 21. f4 Kh7 22. Rf2 Rg8 23. Nf3 g5 24. fxg5 hxg5 25. Nh2 Rh4 26. e5 Qe6 27. Qd3+ Be4 28. Nxe4 Nxe4 29. Ng4 d5 30. Rxa6 Qc8 31. Rxf7+ Kh8 32. Kh2 Rg7 33. Rxg7 Kxg7 34. b4 Qf5 35. Qf3 Qxf3 36. gxf3 Nd2 37. Kg2 Nb3 38. b5 Nxd4 39. b6 Rh8 40. b7 Rb8 41. Rb6 Ne2 42. Kf1 Nf4 43. Nf2 d4 44. Ke1 Nd5 45. Rb5 e6 46. Ne4 Nc3 47. Nxc3 dxc3 48. Kd1 Kg6 49. Kc2 Kf5 50. Kxc3 Kf4 51. Kc4 Kxf3 52. Kc5 Kg3 53. Rb3+ Kf4 54. Kd6 Kf5 55. Rb6 Rd8+ 56. Kc7 Rg8 57. Rb5 Rg7+ 58. Kd6 1-0

[Event "NCA-ch op"]
[Site "Managua"]
[Date "2021.09.12"]
[Round "8"]
[White "Mayorga Bohorquez, David Antonio"]
[Black "Pomares, Roberto Carlos"]
[Result "0-1"]
[WhiteElo "1569"]
[BlackElo "1421"]
[PlyCount "132"]
[EventDate "2021.08.28"]
[EventType "swiss"]
[EventRounds "9"]
[EventCountry "NCA"]
[SourceTitle "EXT 2023"]
[Source "ChessBase"]
[SourceDate "2022.10.05"]
[SourceVersion "1"]
[SourceVersionDate "2022.10.05"]
[SourceQuality "1"]

1. e4 c5 2. Bc4 e6 3. d3 d6 4. Nf3 Nf6 5. Nbd2 a6 6. a3 Nc6 7. c3 b5 8. Ba2 Bb7 9. Nf1 Qc7 10. Bd2 Rc8 11. h3 Be7 12. Bb1 Nd7 13. g4 Nde5 14. N3h2 d5 15. Qc1 dxe4 16. dxe4 c4 17. Ng3 Bc5 18. 0-0 0-0 19. Nh5 Rfd8 20. Bg5 Be7 21. Qe3 Nd3 22. Bh6 g6 23. Qe2 Kh8 24. Bg7+ Kg8 25. Bh6 Kh8 26. Bg7+ Kg8 27. Bh6 f6 28. Ng3 Nce5 29. Rd1 Rd7 30. h4 Rcd8 31. Be3 Bc5 32. Rf1 Nf7 33. Ba2 Nf4 34. Qf3 e5 35. b4 cxb3 36. Bxb3 Rd3 37. a4 Rxc3 38. Bxf7+ Kxf7 39. Rfc1 Rdd3 40. Rxc3 Rxc3 41. axb5 axb5 42. Nhf1 Bxe3 43. Nxe3 Rc1+ 44. Rxc1 Qxc1+ 45. Nef1 Qc4 46. Nd2 Qc1+ 47. Ndf1 Qb2 48. Qd1 Ke7 49. Qd2 Qa3 50. Qe3 Qxe3 51. Nxe3 Kd6 52. f3 Kc5 53. Kf2 Ba6 54. Ngf1 Kd4 55. Ke1 b4 56. Kd2 Bxf1 57. Nxf1 b3 58. Kc1 Nd3+ 59. Kb1 Ne1 60. Nh2 Ke3 61. g5 fxg5 62. hxg5 Nxf3 63. Nf1+ Kxe4 64. Kb2 Nd4 65. Kc3 Kf5 66. Ng3+ Kxg5 0-1

[Event "NCA-ch op"]
[Site "Managua"]
[Date "2021.09.12"]
[Round "9"]
[White "Pomares, Roberto Carlos"]
[Black "Ortiz, Heriberto"]
[Result "1/2-1/2"]
[WhiteElo "1421"]
[BlackElo "1879"]
[PlyCount "79"]
[EventDate "2021.08.28"]
[EventType "swiss"]
[EventRounds "9"]
[EventCountry "NCA"]
[SourceTitle "EXT 2023"]
[Source "ChessBase"]
[SourceDate "2022.10.05"]
[SourceVersion "1"]
[SourceVersionDate "2022.10.05"]
[SourceQuality "1"]

1. e4 c5 2. Nf3 Nc6 3. Bb5 Qb6 4. Nc3 Nd4 5. Bc4 e6 6. 0-0 Ne7 7. a3 Ng6 8. d3 Be7 9. Ba2 0-0 10. Nd2 Qd8 11. f4 b5 12. Ne2 Bb7 13. c3 Nc6 14. Nf3 d5 15. exd5 exd5 16. d4 cxd4 17. Nexd4 Bf6 18. Nxb5 Ba6 19. a4 Qb6+ 20. Kh1 Bxb5 21. axb5 Qxb5 22. Bxd5 Rad8 23. c4 Qc5 24. Qa4 Nb4 25. Qxa7 Qxa7 26. Rxa7 Nxd5 27. cxd5 Rxd5 28. g3 Rb8 29. Ne5 Nxe5 30. fxe5 Bxe5 31. Raxf7 Bf6 32. Ra7 Rdb5 33. Bf4 R8b7 34. Ra8+ Kf7 35. Kg2 Rxb2+ 36. Kh3 R2b5 37. Kg2 Kg6 38. Rf2 Rb1 39. Re2 R1b5 40. Ra6 1/2-1/2

[Event "NCA-ch op"]
[Site "Managua"]
[Date "2021.09.04"]
[Round "4"]
[White "Pomares, Roberto Carlos"]
[Black "Monge Lopez, Jairo Humberto"]
[Result "0-1"]
[WhiteElo "1421"]
[BlackElo "1673"]
[PlyCount "110"]
[EventDate "2021.08.28"]
[EventType "swiss"]
[EventRounds "9"]
[EventCountry "NCA"]
[SourceTitle "EXT 2023"]
[Source "ChessBase"]
[SourceDate "2022.10.05"]
[SourceVersion "1"]
[SourceVersionDate "2022.10.05"]
[SourceQuality "1"]

1. e4 e5 2. Nf3 Nc6 3. Bb5 d6 4. c3 Bd7 5. 0-0 Nf6 6. Re1 a6 7. Ba4 b5 8. Bc2 Bg4 9. d3 h6 10. Nbd2 Qd7 11. Nf1 Ne7 12. a4 Ng6 13. axb5 Be7 14. bxa6 0-0 15. Ne3 Nf4 16. Nxg4 Qxg4 17. Bxf4 Qxf4 18. Qd2 Qg4 19. h3 Qg6 20. Nh4 Qh7 21. Nf5 Bd8 22. d4 Nh5 23. g3 g6 24. Ne3 Qg7 25. dxe5 Qxe5 26. Ng4 Qb5 27. Bd3 Qc5 28. b4 Qa7 29. Kg2 c5 30. b5 Qe7 31. Bc4 Qg5 32. f4 Qe7 33. e5 dxe5 34. Rxe5 Qc7 35. Qd5 Bf6 36. Nxf6+ Nxf6 37. Qxc5 Qd7 38. Qe3 Rfc8 39. Re7 Nd5 40. Bxd5 Qxd5+ 41. Kf2 Qxb5 42. Rd1 Rxa6 43. Rdd7 Ra2+ 44. Kf3 Qh5+ 45. Ke4 Re2 46. Rxf7 Rxe3+ 47. Kxe3 Re8+ 48. Kd4 Qd1+ 49. Kc5 Rc8+ 50. Kb6 Qb1+ 51. Ka7 Qb8+ 52. Ka6 Rc6+ 53. Ka5 Qb6+ 54. Ka4 Rc4+ 55. Ka3 Qa5+ 0-1

[Event "NCA-ch op"]
[Site "Managua"]
[Date "2021.08.28"]
[Round "1"]
[White "Avalos, Carlos"]
[Black "Pomares, Roberto Carlos"]
[Result "1-0"]
[WhiteElo "1837"]
[BlackElo "1421"]
[PlyCount "89"]
[EventDate "2021.08.28"]
[EventType "swiss"]
[EventRounds "9"]
[EventCountry "NCA"]
[SourceTitle "EXT 2023"]
[Source "ChessBase"]
[SourceDate "2022.10.05"]
[SourceVersion "1"]
[SourceVersionDate "2022.10.05"]
[SourceQuality "1"]

1. d4 d5 2. e3 Nc6 3. Bd3 e5 4. Bb5 exd4 5. exd4 Nf6 6. Ne2 Bd6 7. Bf4 Bg4 8. f3 Bd7 9. 0-0 Bxf4 10. Nxf4 0-0 11. Nc3 Ne7 12. Re1 Bxb5 13. Nxb5 Qd7 14. Qd3 Ng6 15. Nxg6 hxg6 16. Re5 c6 17. Nc3 Rfe8 18. Rae1 Rac8 19. Rxe8+ Rxe8 20. Rxe8+ Qxe8 21. Qe2 Kf8 22. Kf2 Qe7 23. a3 Qd6 24. g3 Qd7 25. Kg2 Ne8 26. a4 f6 27. Qd3 Kf7 28. Ne2 Qe6 29. Nf4 Qf5 30. Qxf5 gxf5 31. Nd3 Nd6 32. b3 b6 33. Nb4 c5 34. dxc5 bxc5 35. Nxd5 Ke6 36. Nf4+ Ke5 37. Ne2 a5 38. Kf2 Kd5 39. Nc3+ Kc6 40. Ke3 g6 41. h4 Nf7 42. g4 fxg4 43. fxg4 Ne5 44. Kf4 Nd7 45. h5 1-0

[Event "NCA-chT 1st Stage"]
[Site "Managua"]
[Date "2020.10.10"]
[Round "5.27"]
[White "Cornejo Romero, Humberto Jose"]
[Black "Pomares, Roberto Carlos"]
[Result "0-1"]
[WhiteElo "1524"]
[BlackElo "1421"]
[PlyCount "64"]
[EventDate "2020.10.03"]
[EventType "team-swiss"]
[EventRounds "9"]
[EventCountry "NCA"]
[SourceTitle "EXT 2022"]
[Source "ChessBase"]
[SourceDate "2021.10.06"]
[SourceVersion "1"]
[SourceVersionDate "2021.10.06"]
[SourceQuality "1"]

1. d4 d5 2. Nf3 Nc6 3. Bf4 Nf6 4. e3 g6 5. c4 Bg7 6. Nc3 a6 7. Bd3 0-0 8. 0-0 Nb4 9. Be2 dxc4 10. a3 Nbd5 11. Nxd5 Nxd5 12. Bg3 b5 13. a4 Bb7 14. Rc1 Rc8 15. h4 Nf6 16. Ne5 c5 17. h5 cxd4 18. hxg6 hxg6 19. exd4 e6 20. f3 Nd5 21. Qd2 Nf6 22. Bh4 Qd5 23. Kf2 Rfe8 24. Rcd1 Qd6 25. Rh1 Qb6 26. Qe3 Qa5 27. Bg5 Nd5 28. Rh8+ Bxh8 29. Qd2 Qxd2 30. Rxd2 f6 31. Nxg6 fxg5 32. Ne7+ Nxe7 0-1

[Event "NCA-chT 1st Stage"]
[Site "Managua"]
[Date "2020.10.10"]
[Round "6.27"]
[White "Moncada, Orlando Jose"]
[Black "Pomares, Roberto Carlos"]
[Result "0-1"]
[WhiteElo "1526"]
[BlackElo "1421"]
[PlyCount "82"]
[EventDate "2020.10.03"]
[EventType "team-swiss"]
[EventRounds "9"]
[EventCountry "NCA"]
[SourceTitle "EXT 2022"]
[Source "ChessBase"]
[SourceDate "2021.10.06"]
[SourceVersion "1"]
[SourceVersionDate "2021.10.06"]
[SourceQuality "1"]

1. c4 c5 2. Nc3 d6 3. e4 Nc6 4. f3 Nf6 5. a3 g6 6. Nge2 Bg7 7. d3 a6 8. Be3 Qc7 9. Nd5 Nxd5 10. cxd5 Ne5 11. Rb1 0-0 12. Qc2 c4 13. dxc4 Qxc4 14. Qxc4 Nxc4 15. Bd4 Bh6 16. f4 Bd7 17. g3 Rac8 18. Nc3 e5 19. dxe6 fxe6 20. e5 dxe5 21. fxe5 Nd2 22. Rd1 Nf3+ 23. Ke2 Nxd4+ 24. Rxd4 Bc6 25. Rg1 Rf5 26. Bg2 Rxe5+ 27. Be4 Bxe4 28. Rxe4 Rxe4+ 29. Nxe4 Rc2+ 30. Kd3 Rxb2 31. Nc5 Kf7 32. Rf1+ Ke7 33. Re1 Rb6 34. Kc4 Rc6 35. Kd4 Bg7+ 36. Kc4 b6 37. Rxe6+ Rxe6 38. Nxa6 Kd6 39. Kb5 Bd4 40. a4 Re5+ 41. Kc4 Ra5 0-1

[Event "NCA-chT 1st Stage"]
[Site "Managua"]
[Date "2020.10.03"]
[Round "1.27"]
[White "Pomares, Roberto Carlos"]
[Black "Alvarez Gutierrez, Patricia"]
[Result "0-1"]
[WhiteElo "1421"]
[BlackElo "1555"]
[PlyCount "53"]
[EventDate "2020.10.03"]
[EventType "team-swiss"]
[EventRounds "9"]
[EventCountry "NCA"]
[SourceTitle "EXT 2022"]
[Source "ChessBase"]
[SourceDate "2021.10.06"]
[SourceVersion "1"]
[SourceVersionDate "2021.10.06"]
[SourceQuality "1"]

1. e4 c6 2. Nf3 d5 3. exd5 cxd5 4. d4 Nc6 5. Nc3 Bg4 6. Be2 Nf6 7. 0-0 e6 8. Ne5 Bxe2 9. Nxe2 Be7 10. Nxc6 bxc6 11. Bf4 Qb6 12. Rb1 0-0 13. h3 a5 14. Bh2 c5 15. dxc5 Bxc5 16. c3 Ne4 17. Bg3 f5 18. Kh2 Bxf2 19. Bxf2 Nxf2 20. Qd4 Qd6+ 21. Qf4 Ne4 22. Qxd6 Nxd6 23. Nf4 Rae8 24. Rfe1 Ne4 25. Nd3 e5 26. b4 Nxc3 27. Rxe5 0-1

[Event "Managua Ramirez de Arellano Memorial"]
[Site "Managua"]
[Date "2019.07.14"]
[Round "3"]
[White "Pomares, Roberto Carlos"]
[Black "Medrano Barrera, Jenny Ariadna"]
[Result "1-0"]
[WhiteElo "1441"]
[BlackElo "1129"]
[PlyCount "102"]
[EventDate "2019.07.13"]
[EventType "swiss"]
[EventRounds "9"]
[EventCountry "NCA"]
[SourceTitle "EXT 2020"]
[Source "ChessBase"]
[SourceDate "2019.10.17"]
[SourceVersion "1"]
[SourceVersionDate "2019.10.17"]
[SourceQuality "1"]

1. d4 Nf6 2. Nc3 d5 3. Bf4 a6 4. e3 Bf5 5. Bd3 Qd7 6. Nf3 Nc6 7. Qe2 Bxd3 8. Qxd3 e6 9. h3 Bb4 10. 0-0 Bxc3 11. Qxc3 0-0 12. Ne5 Nxe5 13. dxe5 Ne8 14. Rad1 c6 15. Bh2 Nc7 16. Qd3 Qe7 17. a3 Rfd8 18. f4 Rac8 19. f5 exf5 20. Qxf5 Ne6 21. e4 dxe4 22. Rxd8+ Rxd8 23. Qxe4 Rd4 24. Qe3 Qd7 25. Qf3 h6 26. Bg3 Rd2 27. Qf5 Ng5 28. Qxd7 Rxd7 29. Bf4 Ne6 30. Be3 Rd5 31. Bf4 Nxf4 32. Rxf4 Rxe5 33. Rd4 Re7 34. Rd2 f6 35. Kf2 Kf7 36. g4 Kg6 37. Kf3 Kf7 38. Kf4 g6 39. h4 Re1 40. g5 hxg5+ 41. hxg5 f5 42. c4 Re4+ 43. Kf3 Ke7 44. b3 Re1 45. Re2+ Rxe2 46. Kxe2 Ke6 47. Kf3 Ke5 48. Ke3 c5 49. a4 a5 50. Kf3 b6 51. Ke3 f4+ 1-0